[Event "RUS-ch Silent"]
[Site "Zelenograd"]
[Date "2022.04.17"]
[Round "10"]
[White "Nikitenko, Sergey"]
[Black "Rukavishnikov, Maxim"]
[Result "1/2-1/2"]
[WhiteElo "1836"]
[BlackElo "1807"]
[PlyCount "105"]
[EventDate "2022.04.09"]
[EventType "swiss"]
[EventRounds "11"]
[EventCountry "RUS"]
[SourceTitle "EXT 2023"]
[Source "ChessBase"]
[SourceDate "2022.10.05"]
[SourceVersion "1"]
[SourceVersionDate "2022.10.05"]
[SourceQuality "1"]

1. d4 d5 2. c4 e6 3. Nc3 Nf6 4. Bg5 Nbd7 5. e3 c6 6. Nf3 Qa5 7. Bxf6 Nxf6 8. Bd3 Bb4 9. Qc2 0-0 10. 0-0 Bxc3 11. bxc3 h6 12. Ne5 c5 13. Rfc1 dxc4 14. Bxc4 Qc7 15. Be2 Nd7 16. Nxd7 Bxd7 17. Bf3 Bc6 18. Qe2 Rfd8 19. h3 Rd7 20. Rab1 Rad8 21. Bxc6 Qxc6 22. Qb5 Qxb5 23. Rxb5 cxd4 24. cxd4 b6 25. a4 Kf8 26. Kf1 Ke7 27. Ke2 Kd6 28. f4 Rc7 29. Rxc7 Kxc7 30. g4 Rd5 31. Rb4 Rd7 32. Kd3 Kd6 33. e4 Rc7 34. Rc4 Rxc4 35. Kxc4 a6 36. h4 h5 37. g5 g6 38. Kb4 Kc7 39. Kc4 Kc6 40. Kb4 Kd6 41. Kc4 Kc6 42. Kb4 b5 43. a5 Kd6 44. Kc3 Ke7 45. Kb4 Kd6 46. Kc3 Ke7 47. Kb4 f6 48. gxf6+ Kxf6 49. Kc5 Ke7 50. Kb4 Kd6 51. Kc3 Kc6 52. Kb4 Kd6 53. Kc3 1/2-1/2

[Event "RUS-ch IPCA"]
[Site "Volgograd"]
[Date "2017.05.08"]
[Round "9"]
[White "Nikitenko, Sergey"]
[Black "Lukmanov, Artem"]
[Result "1-0"]
[WhiteElo "1866"]
[BlackElo "1529"]
[PlyCount "93"]
[EventDate "2017.04.30"]
[EventType "swiss"]
[EventRounds "9"]
[EventCountry "RUS"]
[SourceTitle "CBM 178 Extra"]
[Source "ChessBase"]
[SourceDate "2017.06.22"]
[SourceVersion "1"]
[SourceVersionDate "2017.06.22"]
[SourceQuality "1"]

1. e4 e5 2. Nf3 Nc6 3. Bc4 Nf6 4. Nc3 d6 5. 0-0 Bg4 6. h3 Bh5 7. Be2 Bg6 8. d3 Be7 9. Bg5 h6 10. Bxf6 Bxf6 11. Nd5 Ne7 12. Nxf6+ gxf6 13. Nh4 Rg8 14. f4 f5 15. fxe5 fxe4 16. Nxg6 Nxg6 17. Bh5 Nxe5 18. dxe4 Qh4 19. Kh1 0-0-0 20. Bxf7 Nxf7 21. Rxf7 Qxe4 22. Qd2 Rg3 23. Kh2 Rdg8 24. Rg1 Qe5 25. Qf4 R3g5 26. Qxe5 Rxe5 27. Rf2 h5 28. g4 Rgg5 29. Rg3 Rc5 30. Rfg2 Kd7 31. c3 Rb5 32. b3 Rbd5 33. h4 Rxg4 34. Rxg4 hxg4 35. Rxg4 Rd2+ 36. Rg2 Rxg2+ 37. Kxg2 Ke6 38. Kf3 c6 39. Kf4 Kf6 40. c4 a6 41. a4 b5 42. axb5 axb5 43. cxb5 cxb5 44. b4 d5 45. h5 d4 46. Ke4 d3 47. Kxd3 1-0

[Event "RUS IPCA-ch"]
[Site "Nalchik"]
[Date "2016.05.07"]
[Round "8"]
[White "Mukhin, Alexey A"]
[Black "Nikitenko, Sergey"]
[Result "1-0"]
[WhiteElo "1969"]
[BlackElo "1888"]
[PlyCount "70"]
[EventDate "2016.04.30"]
[EventType "swiss"]
[EventRounds "9"]
[EventCountry "RUS"]
[SourceTitle "CBM 172 Extra"]
[Source "ChessBase"]
[SourceDate "2016.06.21"]
[SourceVersion "1"]
[SourceVersionDate "2016.06.21"]
[SourceQuality "1"]

1. d4 Nf6 2. c4 g6 3. Nc3 d5 4. cxd5 Nxd5 5. e4 Nxc3 6. bxc3 Bg7 7. Be3 0-0 8. Nf3 c5 9. Qd2 Qa5 10. Rd1 Nc6 11. Be2 Bg4 12. 0-0 Rad8 13. e5 Bxf3 14. Bxf3 Nxe5 15. Bxb7 Nc4 16. Qe2 Nxe3 17. Qxe3 cxd4 18. cxd4 Qb4 19. Rb1 Qxd4 20. Qxe7 Rfe8 21. Qa3 Bf8 22. Qf3 Bc5 23. Rbd1 Qg7 24. Bd5 Rf8 25. Rfe1 Rde8 26. Rxe8 Rxe8 27. Bb3 Bb6 28. g3 Qf8 29. h4 h5 30. Rd7 Re7 31. Rd6 Kh7 32. Rf6 Kg7 33. Qc3 Kh7 34. Bc2 Qg7 35. Qf3 Qg8 1-0

[Event "RUS IPCA-ch"]
[Site "Nalchik"]
[Date "2015.05.07"]
[Round "8"]
[White "Vorobyov, Yurij"]
[Black "Nikitenko, Sergey"]
[Result "1-0"]
[WhiteElo "2180"]
[BlackElo "1901"]
[PlyCount "101"]
[EventDate "2015.04.30"]
[EventType "swiss"]
[EventRounds "9"]
[EventCountry "RUS"]
[SourceTitle "EXT 2018"]
[Source "ChessBase"]
[SourceDate "2017.10.13"]
[SourceVersion "1"]
[SourceVersionDate "2017.10.13"]
[SourceQuality "1"]

1. Nf3 Nf6 2. c4 e6 3. g3 b6 4. Bg2 Bb7 5. 0-0 Be7 6. Nc3 0-0 7. Re1 d5 8. cxd5 exd5 9. d4 Nbd7 10. Bf4 a6 11. Ne5 Rc8 12. Rc1 c6 13. Bh3 Ra8 14. Qd3 b5 15. Nxd7 Nxd7 16. e4 Nf6 17. e5 Ne8 18. Nb1 Nc7 19. Nd2 Ne6 20. Be3 Bb4 21. a3 Ba5 22. b4 Bb6 23. f4 a5 24. f5 Ng5 25. Bg4 axb4 26. axb4 h6 27. h4 Nh7 28. f6 gxf6 29. Bf5 fxe5 30. Bxh7+ Kg7 31. dxe5 Ra2 32. Bf5 Re8 33. Bd4 Qc7 34. Nb3 Ra3 35. Bxb6 Qxb6+ 36. Qd4 Qxd4+ 37. Nxd4 Rxg3+ 38. Kf2 Ra3 39. Nxc6 Ra2+ 40. Kg3 d4 41. Nxd4 Rd8 42. Rcd1 Rg2+ 43. Kh3 Rb2 44. Ne6+ fxe6 45. Rg1+ Kf7 46. Rxd8 Ke7 47. Rb8 Rb3+ 48. Rg3 Rxg3+ 49. Kxg3 exf5 50. Rxb7+ Ke6 51. Kf4 1-0

[Event "RUS-ch Silent"]
[Site "Zelenograd"]
[Date "2013.09.25"]
[Round "5"]
[White "Nikitenko, Sergey"]
[Black "Katorgin, Sergey"]
[Result "1/2-1/2"]
[WhiteElo "1908"]
[BlackElo "2004"]
[PlyCount "62"]
[EventDate "2013.09.22"]
[EventType "swiss"]
[EventRounds "11"]
[EventCountry "RUS"]
[SourceTitle "EXT 2016"]
[Source "ChessBase"]
[SourceDate "2015.10.08"]
[SourceVersion "1"]
[SourceVersionDate "2015.10.08"]
[SourceQuality "1"]

1. d4 d5 2. c4 e6 3. Nc3 Nf6 4. Bg5 Be7 5. Nf3 h6 6. Bh4 c6 7. e3 Nbd7 8. Bd3 dxc4 9. Bxc4 Nd5 10. Bxe7 Qxe7 11. Nxd5 exd5 12. Bd3 Qb4+ 13. Qd2 Qxd2+ 14. Nxd2 0-0 15. 0-0 Nf6 16. Nf3 Re8 17. Ne5 Nd7 18. Nxd7 Bxd7 19. Rac1 Rac8 20. h3 f5 21. Rfe1 Kf7 22. f3 Re7 23. Kf2 g6 24. e4 fxe4 25. fxe4 dxe4 26. Rxe4 Rxe4 27. Bxe4 Re8 28. Re1 b6 29. d5 cxd5 30. Bxd5+ Kf6 31. Rxe8 Bxe8 1/2-1/2

[Event "RUS-ch Silent"]
[Site "Zelenograd"]
[Date "2012.10.18"]
[Round "1"]
[White "Gerasimov, Aleksander"]
[Black "Nikitenko, Sergey"]
[Result "1-0"]
[WhiteElo "2219"]
[BlackElo "1927"]
[PlyCount "157"]
[EventDate "2012.10.18"]
[EventType "swiss"]
[EventRounds "9"]
[EventCountry "RUS"]
[SourceTitle "EXT 2022"]
[Source "ChessBase"]
[SourceDate "2021.10.06"]
[SourceVersion "1"]
[SourceVersionDate "2021.10.06"]
[SourceQuality "1"]

1. Nf3 Nf6 2. g3 g6 3. Bg2 Bg7 4. 0-0 0-0 5. d4 d5 6. c4 c6 7. cxd5 cxd5 8. Nc3 Nc6 9. Ne5 Nb8 10. f4 e6 11. Be3 b6 12. Rc1 Bb7 13. Kh1 a6 14. Qb3 Qd6 15. Rfd1 Rc8 16. h3 Nbd7 17. a4 Bf8 18. g4 Qb4 19. Qxb4 Bxb4 20. g5 Nxe5 21. dxe5 Nd7 22. Na2 Be7 23. b4 Rxc1 24. Rxc1 Rc8 25. Rxc8+ Bxc8 26. Kg1 Kf8 27. Kf1 Ke8 28. Ke1 Bd8 29. Kd2 Nb8 30. Kc3 Bd7 31. Kb3 Bc7 32. Bd2 Bc6 33. e3 Kd7 34. Nc1 Bb7 35. Nd3 Nc6 36. Nf2 Bd8 37. Bf3 Ne7 38. Bg4 Ng8 39. Be2 h6 40. h4 h5 41. Bc3 Ne7 42. Bd3 Nc6 43. Nd1 Nb8 44. Be1 Bc6 45. Nc3 Bb7 46. Ne2 Nc6 47. Ng3 Ne7 48. Bc3 Bc7 49. Bd4 Bd8 50. Ne2 Bc7 51. Bc3 Bd8 52. Nd4 Bc7 53. Ne2 Bd8 54. Bd4 Bc7 55. Ng3 Bd8 56. Bc3 Bc7 57. Ne2 Bd8 58. Nd4 Bc7 59. Ka3 Bd8 60. Nb3 Nc8 61. Bc2 Be7 62. a5 b5 63. Bd4 Bc6 64. Bc5 Bd8 65. Kb2 Bb7 66. Kc3 Ne7 67. Nd2 Bc6 68. Kd4 Bb7 69. Nb3 Nc6+ 70. Kc3 Ne7 71. Bd3 Bc8 72. Bd6 Nc6 73. e4 Be7 74. exd5 exd5 75. Bc5 Ke6 76. Nd4+ Nxd4 77. Kxd4 Bb7 78. Bxe7 Kxe7 79. f5 1-0